ARRUPE JESUIT UNIVERSITY

CORONAVIRUS -STOP THE SPREAD - CLEAN,DISINFECT,COVER

African philosophy: an introduction (Record no. 18251)

MARC details
000 -LEADER
fixed length control field 00506nam a2200205Ia 4500
003 - CONTROL NUMBER IDENTIFIER
control field 0100
005 - DATE AND TIME OF LATEST TRANSACTION
control field 20180924113038.0
008 - FIXED-LENGTH DATA ELEMENTS--GENERAL INFORMATION
fixed length control field 130303s9999 xx 000 0 und d
040 ## - CATALOGING SOURCE
Transcribing agency ARRUPELIB
050 ## - LIBRARY OF CONGRESS CALL NUMBER
Classification number B5305.O24 1995
300 ## - PHYSICAL DESCRIPTION
Other physical details 110p. 20cm.
100 ## - MAIN ENTRY--PERSONAL NAME
Personal name Ochieng'- Odhiambo F
9 (RLIN) 42496
245 ## - TITLE STATEMENT
Title African philosophy: an introduction
260 ## - PUBLICATION, DISTRIBUTION, ETC. (IMPRINT)
Place of publication, distribution, etc Nairobi
260 ## - PUBLICATION, DISTRIBUTION, ETC. (IMPRINT)
Name of publisher, distributor, etc Consolata Institute of Philosophy Press
Date of publication, distribution, etc 2002
300 ## - PHYSICAL DESCRIPTION
Extent iv
440 ## - SERIES STATEMENT/ADDED ENTRY--TITLE
Title Guide to philosophy series No.5
9 (RLIN) 42497
942 00 - ADDED ENTRY ELEMENTS (KOHA)
Koha issues (borrowed), all copies 12
Source of classification or shelving scheme Library of Congress Classification
Koha item type Monograph ( Printed materials)
Holdings
Withdrawn status Lost status Source of classification or shelving scheme Damaged status Not for loan Collection code Home library Current library Date acquired Total Checkouts Full call number Barcode Checked out Date last seen Date checked out Copy number Price effective from Koha item type Shelving location
    Library of Congress Classification     Main Collection ARRUPE LIBRARY ARRUPE LIBRARY 04/03/2013 22 B5305.O24 1995 46003012103 12/02/2026 13/01/2026 13/01/2026 1 04/03/2013 Monograph ( Printed materials)  
    Library of Congress Classification     Main Collection ARRUPE LIBRARY ARRUPE LIBRARY 04/03/2013 6 B5305.O24 1995 46003090129 05/02/2025 22/01/2025 22/01/2025 2 04/03/2013 Monograph ( Printed materials)  
    Library of Congress Classification       ARRUPE LIBRARY ARRUPE LIBRARY 24/09/2018 3 B5305.O24 1995 46600002132 13/11/2025 14/10/2025 14/10/2025   24/09/2018 Monograph ( Printed materials)  

 

Arrupe Library. PO Box MP320 Mt Pleasant, Harare, Zimbabwe
263 242 745411|librarian@aju.ac.zw